Tous les joueurs français qui ont joué la Coupe du Monde depuis 1930 - Statistiques

Statistiques générales
  • Ce quiz a été pris 170 fois
  • Le résultat moyen est 76 sur 257
Statistiques - réponses
Poste (année de participation) Joueur % Correct
Attaquant (2018/2022) Kylian Mbappé
94%
Gardien (2010/2014/2018/2022) Hugo Lloris
93%
Attaquant (2014/2018/2022) Antoine Griezmann
88%
Défenseur (1998/2002/2006) Lilian Thuram
88%
Attaquant (2022) Marcus Thuram
88%
Milieu (1998/2002/2006) Zinédine Zidane
88%
Attaquant (1998/2002/2006/2010) Thierry Henry
85%
Attaquant (2014) | Attaquant (2014/2022) Karim Benzema
84%
Défenseur (2014/2018/2022) Raphaël Varane
84%
Défenseur (2018/2022) Lucas Hernandez
83%
Attaquant (2014/2018/2022) Olivier Giroud
83%
Milieu (2014/2018) Paul Pogba
83%
Défenseur (2018/2022) Benjamin Pavard
82%
Gardien (1998/2002/2006) Fabien Barthez
82%
Milieu (2018) N'golo Kanté
82%
Défenseur (2022) Theo Hernandez
82%
Gardien (2010/2018/2022) Steve Mandanda
81%
Défenseur (1998) Laurent Blanc
79%
Attaquant (1998/2002/2006) David Trézéguet
78%
Milieu (1978/1982/1986) Michel Platini
78%
Milieu (1998/2002) Emmanuel Petit
77%
Milieu (1978) Jean Petit
77%
Défenseur (1998/2002) Marcel Desailly
76%
Défenseur (2018) Adil Rami
75%
Gardien (2018/2022) Alphonse Aréola
75%
Défenseur (1998/2002) Bixente Lizarazu
75%
Défenseur (2018) Samuel Umtiti
75%
Milieu (1998) Didier Deschamps
73%
Milieu (1998/2002/2006) Patrick Vieira
73%
Milieu (2006/2010) Franck Ribéry
72%
Attaquant (2022) Randall Kolo Muani
72%
Attaquant (1958) Just Fontaine
71%
Attaquant (2018/2022) Ousmane Dembélé
70%
Milieu (2022) Adrien Rabiot
69%
Attaquant (2022) Kingsley Coman
68%
Milieu (1998) Robert Pirès
68%
Milieu (2022) Aurélien Tchouaméni
67%
Défenseur (2018) Benjamin Mendy
67%
Milieu (2014/2018) Blaise Matuidi
67%
Défenseur (2022) Ibrahima Konaté
67%
Attaquant (2018) Florian Thauvin
66%
Attaquant (2018) Nabil Fekir
66%
Défenseur (2010/2014) Patrice Evra
66%
Attaquant (1954/1958) Raymond Kopa
66%
Gardien (1998) Bernard Lama
65%
Défenseur (2022) Dayot Upamecano
65%
Milieu (2018) Steven Nzonzi
64%
Milieu (1998/2002) Youri Djorkaeff
64%
Attaquant (1998/2002) Christophe Dugarry
63%
Milieu (2022) Eduardo Camavinga
61%
Attaquant (2010) Nicolas Anelka
61%
Attaquant (1998) Stéphane Guivarc'h
61%
Défenseur (1998/2002) Frank Leboeuf
59%
Milieu (1978) Claude Papi
58%
Défenseur (2018) Djibril Sidibé
58%
Milieu (2002/2006) Claude Makélélé
57%
Milieu (2022) Mattéo Guendouzi
57%
Défenseur (2018) Presnel Kimpembe
57%
Milieu (2018) Corentin Tolisso
56%
Gardien (2002/2006) Grégory Coupet
56%
Milieu (2022) Jordan Veretout
56%
Milieu (2010/2014) Mathieu Valbuena
56%
Défenseur (2010/2014) Bacary Sagna
55%
Défenseur (2022) Jules Koundé
55%
Milieu (2022) Youssouf Fofana
55%
Gardien (2006/2014) Mickaël Landreau
52%
Défenseur (2022) William Saliba
51%
Défenseur (1978/1982) Marius Trésor
50%
Milieu (2014) Moussa Sissoko
50%
Défenseur (2002/2006) Willy Sagnol
50%
Milieu (2010) Yoann Gourcuff
50%
Attaquant (2018) Thomas Lemar
49%
Milieu (1982/1986) Jean Tigana
48%
Défesneur (2006/2010) William Gallas
48%
Milieu (1982/1986) Alain Giresse
47%
Attaquant (1986) Jean-Pierre Papin
47%
Milieu (1986) Luis Fernandez
47%
Gardien (2014) Stéphane Ruffier
47%
Milieu (2014) Yohan Cabaye
47%
Défenseur (2010) Gaël Clichy
46%
Gardien (1998) Lionel Charbonnier
46%
Milieu (1998/2002) Alain Boghossian
45%
Attaquant (2010) André-Pierre Gignac
45%
Défenseur (2014) Laurent Koscielny
45%
Défenseur (2014) Lucas Digne
45%
Défenseur (1998/2002) Vincent Candela
45%
Défenseur (2014) Mamadou Sakho
44%
Milieu (2006/2010) Florent Malouda
43%
Attaquant (2002/2006) Sylvain Wiltord
43%
Milieu (2010) Abou Diaby
42%
Milieu (1998) Bernard Diomède
42%
Attaquant (2002/2010) Djibril Cissé
42%
Milieu (2006/2010) Alou Diarra
41%
Défenseur (2022) Axel Disasi
39%
Défenseur (2014) Mathieu Debuchy
39%
Défenseur (1978/1982/1986) Patrick Battiston
39%
Défenseur (2006/2010) Eric Abidal
38%
Attaquant (1978/1982) Didier Six
36%
Gardien (1986) Joêl Bats
36%
Attaquant (1978/1982/1986) Dominique Rocheteau
34%
Défenseur (1982/1986) Manuel Amoros
34%
Milieu (2006/2010) Sidney Govou
34%
Attaquant (2014) Loïc Rémy
32%
Attaquant (1978/1982) Bernard Lacombe
31%
Milieu (2014) Rémy Cabella
31%
Milieu (2014) Rio Mavuba
31%
Milieu (2010) Jérémy Toulalan
30%
Défenseur (2006) Jean-Alain Boumsong
29%
Défenseur (1978/1982/1986) Maxime Bossis
29%
Défenseur (2010) Anthony Réveillère
28%
Gardien (2010) Cédric Carrasso
28%
Milieu (2014) Morgan Schneiderlin
28%
Gardien (2002) Ulrich Ramé
28%
Milieu (2002) Johan Micoud
26%
Défenseur (2006) Pascal Chimbonda
26%
Gardien (1982) Jean-Luc Ettori
25%
Défenseur (2010) Sébastien Squillaci
23%
Attaquant (2006) Louis Saha
22%
Milieu (1982/1986) Bernard Genghini
21%
Défenseur (2010) Marc Planus
20%
Défenseur (2014) Eliaquim Mangala
19%
Défenseur (2006) Gaël Givet
19%
Milieu (1978) Henri Michel
19%
Défenseur (2002/2006) Mikaël Silvestre
19%
Attaquant (1986) Yannick Stopyra
19%
Défenseur (1986) Yvon Le Roux
18%
Défenseur (1978/1982) Christian Lopez
17%
Milieu (1986) Jean-Marc Ferreri
17%
Attaquant (1958) Roger Piantoni
17%
Gardien (1978/1982) Dominique Baratelli
16%
Défenseur (1978/1982) Gérard Janvion
16%
Gardien (1978) Dominique Dropsy
13%
Gardien (1982) Jean Castaneda
13%
Attaquant (1930/1934) Lucien Laurent
13%
Attaquant (1978) Olivier Rouyer
13%
Défenseur (2002) Philippe Christanval
13%
Milieu (1966) Robert Herbin
13%
Attaquant (1982/1986) Bruno Bellone
11%
Défenseur (1966) Jean Djorkaeff
11%
Milieu (1930) Jean Laurent
11%
Gardien (1978) Jean-Paul Bertrand-Demanes
11%
Attaquant (1954/1958) Jean Vincent
11%
Défenseur (1954/1958) Robert Jonquet
11%
Gardien (1986) Albert Rust
9%
Attaquant (1982) Gérard Soler
9%
Milieu (1982) Jean-François Larios
9%
Milieu (1966) Lucien Muller
9%
Milieu (1958) Maurice Lafont
9%
Défenseur (1954/1958) Roger Marche
9%
Milieu (1954) Xercès Louis
9%
Attaquant (1986) Daniel Xuereb
8%
Milieu (1978) Dominique Bathenay
8%
Attaquant (1966) Philippe Gondet
8%
Défenseur (1986) Thierry Tusseau
8%
Défenseur (1966) Bernard Bosquier
7%
Milieu (1978) Jean-Marc Guillou
7%
Défenseur (1978) Michel Rio
7%
Gardien (1986) Philippe Bergeroo
7%
Milieu (1986) Philippe Vercruysse
7%
Milieu (1982) René Girard
7%
Attaquant (1934) Roger Rio
7%
Défenseur (1986) William Ayache
7%
Attaquant (1978) Christian Dalger
6%
Défenseur (1978) François Bracci
6%
Gardien (1954/1958) François Remetter
6%
Attaquant (1978) Marc Berdoll
6%
Gardien (1966) Marcel Aubour
6%
Défenseur (1986) Michel Bibard
6%
Attaquant (1982) Alain Couriol
5%
Défenseur (1958) André Lerond
5%
Attaquant (1934) Fritz Keller
5%
Milieu (1954) | Milieu (1958) Jean-Jacques Marcel
5%
Attaquant (1934/1938) Jean Nicolas
5%
Attaquant (1934/1938) Roger Courtois
5%
Attaquant (1958) Yvon Douis
5%
Gardien (1930/1934) Alexis Thépot
4%
Attaquant (1966) Didier Couécou
4%
Gardien (1958) Dominique Colonna
4%
Attaquant (1966) Gérard Hausser
4%
Attaquant (1966) Hector De Bourgoing
4%
Attaquant (1966) Jacky Simon
4%
Gardien (1938) Julien Darui
4%
Milieu (1966) Marcel Artélésa
4%
Milieu (1930) Alexandre Villaplane
3%
Milieu (1954/1958) Armand Penverne
3%
Gardien (1954/1958) Claude Abbes
3%
Défenseur (1930/1934/1938) Etienne Mattler
3%
Défenseur (1938) François Bourbotte
3%
Défenseur (1966) Gabriel De Michèle
3%
Gardien (1938) Laurent Di Lorto
3%
Attaquant (1966) Nestor Combin
3%
Défenseur (1938) Raoul Diagne
3%
Défenseur (1966) Robert Budzynski
3%
Milieu (1954) Abdelaziz Ben Tifour
2%
Défenseur (1938) Abdelkader Ben Bouali
2%
Milieu (1954) Abderrahman Mahjoub
2%
Attaquant (1934/1938) Alfred Aston
2%
Défenseur (1966) André Chorda
2%
Attaquant (1930) André Maschinot
2%
Attaquant (1954) André Strappe
2%
Gardien (1930) André Tassin
2%
Milieu (1954) Antoine Cuissard
2%
Milieu (1938) Auguste Jordan
2%
Milieu (1930) Augustin Chantrel
2%
Milieu (1958) Bernard Chiarelli
2%
Milieu (1958) Casimir Hnatow
2%
Milieu (1930/1934) Célestin Delmer
2%
Attaquant (1958) Célestin Oliver
2%
Milieu (1938) César Povolny
2%
Gardien (1954) César Ruminski
2%
Attaquant (1966) Edmond Baraffe
2%
Attaquant (1930/1934/1938) Edmond Delfour
2%
Attaquant (1930/1934/1938) Emile Veinante
2%
Attaquant (1930) Ernest Libérati
2%
Attaquant (1954) Ernest Schultz
2%
Défenseur (1934) Georges Beaucourt
2%
Gardien (1966) Georges Camus
2%
Défenseur (1954) Guillaume Bieganski
2%
Défenseur (1938) Hector Cazenave
2%
Milieu (1938) Ignace Kowalczyk
2%
Défenseur (1954) Jacques Grimonpon
2%
Défenseur (1934) Jacques Mairesse
2%
Milieu (1938) Jean Bastien
2%
Milieu (1966) Jean-Claude Piumi
2%
Gardien (1966) Johnny Schuth
2%
Attaquant (1934) Joseph Alcazar
2%
MIlieu (1966) Joseph Bonnel
2%
Défenseur (1934) Joseph Gonzales
2%
Défenseur (1934/1938) Jules Vandooren
2%
Attaquant (1966) Laurent Robuschi
2%
Défenseur (1954) Lazare Gianessi
2%
Attaquant (1954) Léon Glovacki
2%
Milieu (1934) Louis Gabrillargues
2%
Milieu (1938) Lucien Jasseron
2%
Défenseur (1930) Marcel Capelle
2%
Attaquant (1930) Marcel Langiller
2%
Milieu (1930) Marcel Pinel
2%
Attaquant (1938) Mario Zatelli
2%
Attaquant (1958) Maryan Wisnieski
2%
Attaquant (1938) Michel Brusseaux
2%
Attaquant (1954) Michel Leblond
2%
Milieu (1934) Noël Liétaer
2%
Milieu (1938) Oscar Heisserer
2%
Défenseur (1982) Philippe Mahut
2%
Attaquant (1934) Pierre Korb
2%
Attaquant (1958) Raymond Bellot
2%
Défenseur (1954/1958) Raymond Kaelbel
2%
Attaquant (1954) René Dereuddre
2%
Gardien (1934/1938) René Llense
2%
Gardien (1934) Robert Défossé
2%
Défenseur (1958) Robert Mouynet
2%
Attaquant (1958) Stéphane Bruey
2%
Milieu (1966) Yves Herbet
2%
Milieu (1934) Georges Vernest
1%
Défenseur (1930) Numa Andore
1%
Aucun quiz correspondant
Distribution des résultats
% des personnes avec chaque résultat
Percentile par nombre de réponses
Votre historique - résultats
Vous n’avez pas pris ce quiz